[Event "BL2-S8889"]
[Site "Germany"]
[Date "1989.??.??"]
[Round "?"]
[White "Gross, Stefan"]
[Black "Stobik, Dietrich"]
[Result "1-0"]
[WhiteElo "2425"]
[BlackElo "2235"]

1.Nf3 Nf6 2.c4 c5 3.g3 b6 4.Bg2 Bb7 5.O-O e6 6.b3 Be7 7.Bb2 O-O 8.Nc3 Nc6
9.d4 Nxd4 10.Nxd4 Bxg2 11.Kxg2 cxd4 12.Qxd4 Qc7 13.e4 Rfd8 14.Rfd1 Bf8 15.Rac1 Qc6
16.f3 a6 17.e5 Ne8 18.Qe4 Rac8 19.Qxc6 dxc6 20.Na4 b5 21.Nb6 Rb8 22.Nd7 Rbc8
23.Nxf8 Kxf8 24.Ba3+ Kg8 25.Be7 Rxd1 26.Rxd1 f6 27.f4 Kf7 28.Rd7 Rc7 29.Rxc7 Nxc7
30.Bd8 Ne8 31.Kf3 g5 32.Ke4 f5+ 33.Kd4 gxf4 34.gxf4 bxc4 35.bxc4 Ng7 36.Kc5 Nh5
37.Bg5 Kg6 38.Kxc6 h6 39.Bh4 Nxf4 40.Kd6  1-0

[Event "BL2-S8889"]
[Site "Germany"]
[Date "1989.??.??"]
[Round "?"]
[White "Rother, Christoph"]
[Black "Roemer, Uli"]
[Result "0-1"]
[WhiteElo "2360"]
[BlackElo "2280"]

1.Nf3 Nf6 2.g3 b6 3.Bg2 Bb7 4.O-O c5 5.c4 e6 6.Nc3 Be7 7.d4 cxd4 8.Qxd4 d6
9.Rd1 a6 10.b3 Nbd7 11.e4 Qc8 12.Bb2 O-O 13.h3 Rd8 14.Rac1 Qc7 15.Qe3 Rac8
16.Nd4 Qb8 17.Re1 Bf8 18.Kh1 Qa8 19.Kh2 Nc5 20.Bh1 Rc7 21.Re2 Rcc8 22.Rce1 Re8
23.Qd2 Red8 24.Ba1 Rc7 25.Bg2 Rcc8 26.f3 Qb8 27.Bf1 Rc7 28.Rg2 Rcc8 29.Rf2 Rc7
30.Nc2 Rcc8 31.Ne3 Be7 32.Qb2 Bf8 33.b4 Ncd7 34.a3 Qa8 35.Qb3 Qb8 36.Bd3 Ne5
37.Bf1 Ned7 38.Be2 Be7 39.Rd1 Re8 40.Bd3 Ne5 41.Bf1 Ned7 42.Bg2 Qa7 43.Ne2 Qb8
44.Nd4 Bd8 45.Rfd2 Bc7 46.Ne2 Re7 47.Ng4 Nxg4+ 48.hxg4 Rf8 49.g5 Kh8 50.Rh1 f6
51.Kg1 fxg5 52.Qe3 b5 53.Qxg5 Nf6 54.cxb5 axb5 55.Nf4 Kg8 56.Nh5 e5 57.Qh4 Qa7+
58.Kh2 Qxa3 59.Rb1 Ref7 60.Nxf6+ Rxf6 61.Rc2  0-1

[Event "GermanyNord-Baden/Wuert"]
[Site "Germany"]
[Date "1989.??.??"]
[Round "2"]
[White "Ostl, Andreas"]
[Black "Michaelsen, Nils"]
[Result "1/2-1/2"]
[WhiteElo "2335"]
[BlackElo "2345"]

1.c4 Nf6 2.Nf3 c5 3.g3 b6 4.Bg2 Bb7 5.O-O e6 6.b3 Be7 7.Bb2 O-O 8.d3 a6 9.Nbd2 d6
10.a3 Qc7 11.b4 Nbd7 12.bxc5 bxc5 13.Rb1 Rab8 14.Bc3 Bc6 15.Nb3 Ba4 16.Qc2 d5
17.e3 Rfc8 18.Rfc1 dxc4 19.dxc4 Bc6 20.Nbd2 Rxb1 21.Rxb1 Rb8 22.Rxb8+ Qxb8
23.Ne1 Bxg2 24.Nxg2 Qb7 25.Ne1 h6 26.f3 Ne8 27.Kf2 Bf6 28.Nd3 Bxc3 29.Qxc3  1/2-1/2

[Event "Groningen"]
[Site "Groningen"]
[Date "1989.??.??"]
[Round "?"]
[White "Martinovic, Slobodan"]
[Black "Rogers, Ian"]
[Result "1/2-1/2"]
[WhiteElo "2460"]
[BlackElo "2470"]

1.Nf3 c5 2.g3 b6 3.Bg2 Bb7 4.O-O e6 5.c4 Nf6 6.b3 Be7 7.Bb2 d6 8.e3 O-O 9.Nc3 Nbd7
10.Rc1 a6 11.a4 d5 12.Qe2 Qc7 13.d3 Rad8 14.cxd5 Nxd5 15.Nxd5 Bxd5 16.b4 Bc6
17.bxc5 bxc5 18.Ne1 Bxg2 19.Nxg2 Rb8 20.Rc4 Ne5 21.Rc2 Rb3 22.Nf4 Rfb8 23.d4 Qb7
24.dxe5 Rxb2 25.Rxb2 Qxb2 26.Qxa6 Qxe5 27.Rd1 Bf8 28.Qc6 Qc3 29.Kg2 Qa5 30.h4 h6
31.h5 Ra8 32.Ra1 Rd8 33.Rb1 e5 34.Nh3 Qc3 35.Qe4 c4 36.Rb7 Qd3 37.Qf3 f6
38.a5 c3 39.Rc7 c2 40.Qc6 Bd6 41.Qc4+ Qxc4 42.Rxc4 Ra8 43.Rxc2 Rxa5 44.e4 Ra4
45.f3 g6 46.hxg6 Kg7 47.Nf2 h5 48.Nd1 Ra3 49.Kf2 Bb8 50.Nc3 Ba7+ 51.Kg2 Ra5
52.Nd5 Bc5 53.Kh3 Kxg6 54.g4 hxg4+ 55.Kxg4 Rb5 56.Ra2 Rb7 57.Ra6 Rf7 58.Rc6 Bf8
59.Re6 Bc5 60.Rc6 Bf8  1/2-1/2

[Event "Groningen op"]
[Site "Groningen"]
[Date "1989.??.??"]
[Round "2"]
[White "Kirov, Nino"]
[Black "Krudde, Fitzgerald"]
[Result "1-0"]
[WhiteElo "2470"]
[BlackElo "2270"]

1.Nf3 c5 2.g3 b6 3.Bg2 Bb7 4.O-O Nf6 5.c4 e6 6.Nc3 Be7 7.b3 d6 8.d4 cxd4
9.Qxd4 Nbd7 10.Rd1 a6 11.e4 Qc7 12.Ba3 Nc5 13.e5 dxe5 14.Qxe5 Rc8 15.Qxc7 Rxc7
16.Bc1 Bc6 17.Bf4 Rb7 18.Ne5 Bxg2 19.Kxg2 Nh5 20.Be3 Bf6 21.f4 g5 22.Bxc5 bxc5
23.Ne4 Be7 24.fxg5 O-O 25.Rd3 a5 26.Rf1 a4 27.g4 Ng7 28.Nf6+ Bxf6 29.gxf6  1-0

[Event "Groningen op"]
[Site "Groningen"]
[Date "1989.??.??"]
[Round "7"]
[White "Krudde, Fitzgerald"]
[Black "Kindl, Peter"]
[Result "0-1"]
[WhiteElo "2270"]
[BlackElo "2330"]

1.Nf3 Nf6 2.g3 b6 3.Bg2 Bb7 4.O-O e6 5.c4 c5 6.Nc3 Be7 7.b3 d6 8.d4 cxd4
9.Qxd4 Nbd7 10.Rd1 a6 11.e4 Qb8 12.Ba3 Nc5 13.e5 dxe5 14.Qxe5 O-O 15.Na4 Qa7
16.Bxc5 Bxc5 17.Nxc5 bxc5 18.Qc7 Bxf3 19.Qxa7 Rxa7 20.Bxf3 Rc8 21.Rd6 Kf8
22.Rad1 Rcc7 23.Bc6 Ke7 24.Ba4 Nd5 25.R1xd5 exd5 26.Rxd5 Ra8 27.Re5+ Kf8
28.Rd5 a5 29.Rd6 Ke7 30.Rb6 Rd8 31.Bb5 Rd2 32.a4 f6 33.Ra6 Kf7 34.Bc6 Re7
35.Bf3 Re1+ 36.Kg2 Ra1 37.Bd5+ Kg6 38.Rxa5 Raa2 39.Kf3 Rd3+ 40.Kg2 Rxb3 41.Rxc5 Rbb2
42.Be4+ Kf7 43.Rf5 Rxa4 44.Bd5+ Ke7 45.h4 Rd2 46.Rf3 Raa2 47.Kg1 g6 48.Kg2 Rac2
49.Kg1 Re2 50.Kg2 Re1 51.Kh2 Re5 52.Kg2 Rf5 53.Rxf5 gxf5 54.Kf3 Kd6 55.Ke3 h6
56.Bg8 f4+ 57.Kf3 fxg3 58.Kxg3 Ke5 59.Bd5 f5 60.f3 Rc1 61.Bf7  0-1

[Event "Karvina op"]
[Site "Karvina"]
[Date "1989.??.??"]
[Round "10"]
[White "Rasik, Vitezslav"]
[Black "Belik, Dalibor"]
[Result "1-0"]
[WhiteElo "2365"]
[BlackElo "2260"]

1.Nf3 Nf6 2.c4 c5 3.g3 b6 4.Bg2 Bb7 5.O-O e6 6.Nc3 Be7 7.d4 cxd4 8.Nxd4 Bxg2
9.Kxg2 O-O 10.e4 d6 11.b3 a6 12.Bb2 Qc7 13.Rc1 Nbd7 14.f3 Rfe8 15.Qd2 Rad8
16.Rfd1 Qb7 17.Qf2 Ne5 18.Qe2 Bf8 19.f4 Ned7 20.Nf3 Nc5 21.Rd4 e5 22.fxe5 dxe5
23.Rxd8 Rxd8 24.Nd5 Ncxe4 25.Bxe5 Nxd5 26.Qxe4 f5 27.Qe2 Nb4 28.Bc3 Qe4 29.Re1 h6
30.Qxe4 fxe4 31.Rxe4 Nxa2 32.Be5 Rd3 33.Nd4 Nc3 34.Rf4 Be7 35.Nf5 Bf6 36.Nxh6+ Kh7
37.Bxf6 Kxh6 38.Be5 Na2 39.Rf3 Rd2+ 40.Rf2 Rxf2+ 41.Kxf2 Kg6 42.Ke3 Nc1 43.Bd4 Nxb3
44.Bxb6 Kf5 45.c5 Ke6 46.c6 a5 47.Kd3 a4 48.Kc3 Nc1 49.Kb4 Kd6 50.c7 Kd7
51.Kxa4 Nd3 52.Kb5 Ne1 53.Bf2 Nf3 54.Kb6 Kc8 55.h4 Nd2 56.Kc6 g6 57.Bd4  1-0

[Event "Karvina op"]
[Site "Karvina"]
[Date "1989.??.??"]
[Round "13"]
[White "Vokac, Marek"]
[Black "Votava, Jan"]
[Result "1-0"]
[WhiteElo "2465"]
[BlackElo "2340"]

1.Nf3 Nf6 2.c4 c5 3.g3 b6 4.Bg2 Bb7 5.O-O e6 6.Nc3 Be7 7.Re1 d5 8.cxd5 exd5
9.d4 O-O 10.Bf4 Nc6 11.Qa4 Ne4 12.Rad1 cxd4 13.Nxe4 dxe4 14.Nxd4 Nxd4 15.Rxd4 Bc6
16.Rxd8 Bxa4 17.Rxa8 Rxa8 18.Bxe4 Rd8 19.Bd3 Bc5 20.Rc1 f6 21.h4 g6 22.Kf1 Bd7
23.Ke1 Kg7 24.Bd2 Be6 25.b4 Bd6 26.Rc2 h6 27.f4 f5 28.Ba6 Bd5 29.a3 g5 30.hxg5 hxg5
31.Rc8 Rxc8 32.Bxc8 gxf4 33.Bxf4 Bxf4 34.gxf4 Kf6 35.Kd2 Be4 36.Kc3 Ke7 37.Kd4 Kd6
38.Ba6 Bd5 39.Bd3 Be6 40.Bc4 Bd7 41.e4 fxe4 42.Kxe4 a5 43.f5 axb4 44.axb4 b5
45.Bb3 Bc6+ 46.Kf4 Ke7 47.Ke5 Bf3 48.f6+ Kf8 49.Bc2 Be2 50.Bg6 Bf1 51.Kd4 Bh3
52.Bd3 Kf7 53.Ke5 Bd7 54.Be2 Bc6 55.Kd6 Be4 56.Bxb5 Kxf6 57.Bc4  1-0

[Event "Kecskemet"]
[Site "Kecskemet"]
[Date "1989.??.??"]
[Round "?"]
[White "Espig, Lutz"]
[Black "Delanoy, Arnaud"]
[Result "1-0"]
[WhiteElo "2460"]
[BlackElo "2340"]

1.Nf3 Nf6 2.c4 e6 3.g3 b6 4.Bg2 Bb7 5.O-O c5 6.Nc3 Be7 7.b3 O-O 8.Bb2 d5
9.e3 Nc6 10.cxd5 Nxd5 11.Nxd5 Qxd5 12.d4 Rad8 13.Ne5 Qd6 14.Nxc6 Bxc6 15.Qg4 cxd4
16.Bxc6 Qxc6 17.Bxd4 f6 18.Rac1 Qd7 19.Bb2 e5 20.Qc4+ Qd5 21.Qxd5+ Rxd5 22.Rc7 Bc5
23.Rxa7 Rfd8 24.Bc3 Rd3 25.Be1 Rc8 26.Ra6 Rb8 27.Kg2 Rb7 28.Kf3 f5 29.Ke2 e4
30.Ra4 b5 31.Ra8+ Kf7 32.Ba5 Bb6 33.Rc1 Bxa5 34.Rxa5 g6 35.b4 Kg7 36.h3 Rbd7
37.Rc2 Kh6 38.Rxb5 Ra7 39.g4 fxg4 40.hxg4 Rda3 41.Re5 Rxa2 42.Rxa2 Rxa2+
43.Kf1 Rb2 44.Rxe4 Kg5 45.Kg2 Kh4 46.Kf3  1-0

[Event "Kiev"]
[Site "Kiev"]
[Date "1989.??.??"]
[Round "?"]
[White "Huzman, Alexander"]
[Black "Zhidkov, Valery S"]
[Result "1/2-1/2"]
[WhiteElo "2475"]
[BlackElo "2460"]

1.Nf3 Nf6 2.c4 c5 3.g3 b6 4.Bg2 Bb7 5.O-O e6 6.Nc3 Be7 7.d4 cxd4 8.Qxd4 d6
9.Rd1 a6 10.Bg5 Nbd7 11.Nd2 Bxg2 12.Kxg2 Rc8 13.Nde4 Rc6 14.Nxf6+ Nxf6 15.Ne4 O-O
16.Nxf6+ Bxf6 17.Bxf6 Qxf6 18.Qxf6 gxf6 19.b3 b5  1/2-1/2

[Event "Kiev"]
[Site "Kiev"]
[Date "1989.??.??"]
[Round "?"]
[White "Machulsky, Anatoly D"]
[Black "Zhidkov, Valery S"]
[Result "1-0"]
[WhiteElo "2465"]
[BlackElo "2460"]

1.Nf3 Nf6 2.g3 b6 3.Bg2 Bb7 4.c4 c5 5.O-O e6 6.Nc3 Be7 7.d4 cxd4 8.Qxd4 d6
9.Rd1 a6 10.b3 Nbd7 11.Bb2 O-O 12.Qe3 Qc7 13.Nd4 Bxg2 14.Kxg2 Rfe8 15.Rac1 Bf8
16.h3 Ne5 17.Kg1 Qb7 18.Nf3 Nxf3+ 19.Qxf3 Qxf3 20.exf3 Rac8 21.Ne4 Nxe4 22.fxe4 b5
23.cxb5 axb5 24.Rxc8 Rxc8 25.a4 bxa4 26.bxa4 Ra8 27.Ra1 Be7 28.a5 Bf6 29.Bxf6 gxf6
30.a6 Kf8 31.a7 Ke7 32.Ra6 Kd7 33.Kg2 Ke7 34.Kf3 h6 35.Kf4 Ke8 36.Ke3 Kd7
37.Kd4 Kc7 38.Kc4 Kb7 39.Kb5 Kc7 40.Ra1 Kb7 41.Ra2 f5 42.exf5 Rxa7 43.Rxa7+ Kxa7
44.fxe6 fxe6 45.g4  1-0

[Event "Las Palmas op"]
[Site "Las Palmas"]
[Date "1989.??.??"]
[Round "?"]
[White "Visier Segovia, Fernando"]
[Black "Villavicencio, Adalberto"]
[Result "1/2-1/2"]
[WhiteElo "2335"]
[BlackElo "2325"]

1.Nf3 Nf6 2.c4 c5 3.g3 b6 4.Bg2 Bb7 5.O-O e6 6.b3 Be7 7.Bb2 O-O 8.Nc3 d5
9.cxd5 Nxd5 10.Rc1 Bf6 11.Qc2 Nb4 12.Qb1 N8c6 13.a3 Na6 14.d3 Qd7 15.Ne4 Bxb2
16.Qxb2 f6 17.Rfd1 e5 18.e3 Rad8 19.Nc3 Kh8 20.Ne1 Ne7 21.Bxb7 Qxb7 22.b4 Nd5
23.Nxd5 Rxd5 24.b5 Nc7 25.Rc4 Ne6 26.h4 Qd7 27.a4 f5 28.Rdc1 f4 29.Re4 fxg3
30.fxg3 Qf7 31.Qg2 Qf6 32.Rc2 Kg8 33.Rf2 Qxf2+  1/2-1/2

[Event "Vidmar mem"]
[Site "Ljublana Portoroz"]
[Date "1989.??.??"]
[Round "?"]
[White "Gostisa, Leon"]
[Black "Greenfeld, Alon"]
[Result "0-1"]
[WhiteElo "2420"]
[BlackElo "2535"]

1.Nf3 Nf6 2.c4 c5 3.g3 b6 4.Bg2 Bb7 5.O-O e6 6.Nc3 Be7 7.d4 cxd4 8.Qxd4 d6
9.b3 Nbd7 10.Bb2 a6 11.e4 Qb8 12.Rfe1 O-O 13.Qd2 b5 14.cxb5 axb5 15.a3 e5
16.b4 Bc6 17.Qe2 Bd8 18.Nd2 Bb6 19.Nb3 Re8 20.h3 h5 21.Bf3 h4 22.Kg2 Nf8
23.Rad1 Ne6 24.Nd5 Bxd5 25.exd5 Ng5 26.gxh4 Nxf3 27.Qxf3 Rc8 28.Rc1 Qb7 29.Rxc8+ Rxc8
30.Rd1 Rc4 31.Bc1 Qc8 32.Bg5 e4 33.Qf4 Rc3 34.Bxf6 Qxh3+ 35.Kg1 Rg3+  0-1

[Event "Lugano op"]
[Site "Lugano"]
[Date "1989.??.??"]
[Round "7"]
[White "Klinger, Josef"]
[Black "Kluss, Kai"]
[Result "1-0"]
[WhiteElo "2475"]
[BlackElo "2225"]

1.Nf3 Nf6 2.c4 e6 3.g3 b6 4.Bg2 Bb7 5.O-O c5 6.Nc3 Nc6 7.d4 Nxd4 8.Nxd4 Bxg2
9.Kxg2 cxd4 10.Qxd4 Qc7 11.f3 Be7 12.e4 d6 13.Nb5 Qc6 14.Rd1 O-O 15.Nxd6 Bxd6
16.Qxd6 Qxc4 17.Rd2 Rac8 18.b3 Qb5 19.Bb2 Qg5 20.Rad1 h5 21.h4 Qg6 22.Qf4 Rc6
23.a4 Rfc8 24.Rd8+ Kh7 25.Rxc8 Rxc8 26.Rd2 Qh6 27.Qxh6+ Kxh6 28.Kf2 Kg6 29.Ke3 Rc7
30.Be5 Rc5 31.Bb8 a6 32.Rd3 b5 33.Bd6 Rc6 34.axb5 axb5 35.Bb4 Rc7 36.Rc3 Rb7
37.Kd4 Nd7 38.Rc6 Nb8 39.Rc8 Nd7 40.Kc3 Ne5 41.f4 Nd7 42.Rc6 Nb8 43.Rc8 Nd7
44.Bd6 Rb6 45.Bc5 Rb7 46.Bd4 f6 47.Kb4 e5 48.f5+ Kf7 49.Bf2 g6 50.Ka5 Nb8
51.b4 gxf5 52.exf5 Ke7 53.Bc5+ Kd7 54.Rf8 Nc6+ 55.Ka6 Rb8 56.Rf7+ Ke8 57.Rxf6  1-0

[Event "Luzern"]
[Site "Luzern"]
[Date "1989.??.??"]
[Round "?"]
[White "Kraehenbuehl, Gerhard"]
[Black "Franco Ocampo, Zenon"]
[Result "1-0"]
[WhiteElo "2275"]
[BlackElo "2475"]

1.c4 e6 2.Nf3 c5 3.g3 b6 4.Bg2 Bb7 5.O-O Nf6 6.b3 Be7 7.Bb2 O-O 8.e3 Nc6
9.Qe2 a6 10.Nc3 d5 11.Rfd1 d4 12.Nb1 Qd7 13.d3 e5 14.Nbd2 Rfe8 15.e4 b5 16.Kh1 Bd8
17.Ba3 Nb4 18.Bxb4 cxb4 19.Ng1 Bc7 20.Rac1 g6 21.Bh3 Qd8 22.Rf1 Bd6 23.Ngf3 Bf8
24.Ne1 Bh6 25.Ng2 Qd6 26.f3 Nd7 27.Bxd7 Qxd7 28.g4 Rac8 29.f4 exf4 30.Nxf4 Rc5
31.Rf2 Rce5 32.Rcf1 bxc4 33.bxc4 f5 34.gxf5 Rxf5 35.Nd5 Rxf2 36.Qxf2 Bxd5
37.exd5 Rf8 38.Qg2 Rxf1+ 39.Nxf1 Qe7 40.Qf2 Qe5 41.Ng3 Bf8 42.Qe2 Bd6 43.Qxe5 Bxe5
44.Ne4 Kf7 45.Kg2 a5 46.Nc5 Ke7 47.h3 Bd6 48.Na4 Kf6 49.c5 Bf8 50.Nb6 Ke5
51.d6 Ke6 52.Kf3 Bg7 53.Ke4 g5 54.Nc4  1-0

[Event "Lyngby op"]
[Site "Lyngby"]
[Date "1989.??.??"]
[Round "6"]
[White "Fedder, Steen"]
[Black "Adrian, Claude"]
[Result "1-0"]
[WhiteElo "2390"]
[BlackElo "2270"]

1.Nf3 c5 2.c4 Nf6 3.g3 b6 4.Bg2 Bb7 5.O-O e6 6.Nc3 d6 7.d4 cxd4 8.Nxd4 Bxg2
9.Kxg2 Qc8 10.Bg5 Be7 11.Qa4+ Nbd7 12.Rfd1 O-O 13.Nc6 Qb7 14.Kg1 Nc5 15.Nxe7+ Qxe7
16.Qc6 Rfd8 17.Rd4 Rac8 18.Qf3 Ncd7 19.Qb7 h6 20.Bxf6 Qxf6 21.Rxd6 Nc5 22.Rxd8+ Qxd8
23.Qf3 Qd2 24.b3 Qc2 25.Rd1 Ne4 26.Qxe4 Qxc3 27.Qb7 Rf8 28.Qxa7 Qc2 29.Re1 Qd2
30.Kf1 h5 31.Qxb6 Qxa2 32.h4 Rc8 33.Rd1 Kh7 34.Qb7 Qc2 35.Rd3 Rf8 36.Qf3 g6
37.Rc3 Qb1+ 38.Kg2 e5 39.c5 e4 40.Qe3 Ra8 41.Rc1 Qb2 42.c6 Qe5 43.c7 Rc8
44.Qf4  1-0

[Event "Lyngby op"]
[Site "Lyngby"]
[Date "1989.??.??"]
[Round "7"]
[White "Karner, Hillar"]
[Black "Prie, Eric"]
[Result "1/2-1/2"]
[WhiteElo "2365"]
[BlackElo "2335"]

1.Nf3 Nf6 2.c4 c5 3.g3 b6 4.Bg2 Bb7 5.O-O e6 6.e3 d6 7.Nc3 Nbd7 8.Qe2 Be7
9.b3 O-O 10.Bb2 a6 11.d3 Qc7 12.Ne1 Bxg2 13.Nxg2 Qb7 14.f4 b5 15.f5 bxc4
16.bxc4 Rab8 17.Rab1 exf5 18.Rxf5 Ne5 19.Rff1 Ng6 20.e4 Qd7 21.Ne3 Rb7 22.Ba1 Rfb8
23.Rxb7 Rxb7 24.Nf5 Bf8 25.g4 Qd8 26.g5 Nd7 27.h4 Nge5 28.Nd5 g6 29.Bxe5 Nxe5
30.Nf6+ Kh8 31.Ne3 Qb8 32.Rf2 Rb1+ 33.Kg2 Ra1 34.Qb2 Rb1 35.Qxb8 Rxb8 36.Nfg4 Nxg4
37.Nxg4 Rb7 38.h5 gxh5 39.Nf6 Be7 40.Rf5 Bxf6 41.Rxf6 Rb2+ 42.Kg3 Rxa2 43.Rxd6 a5
44.e5 a4 45.Rd5 Rd2 46.Rxc5 Rxd3+ 47.Kh4 Rd1 48.Ra5 Rd4+ 49.Kxh5 Rxc4 50.e6 fxe6
51.Ra8+ Kg7 52.Ra7+ Kf8 53.Rxh7 e5 54.Ra7 e4 55.Ra8+ Kg7 56.Ra7+ Kf8 57.Ra8+ Kg7
58.Ra7+  1/2-1/2

[Event "Marianske Lazne op"]
[Site "Marianske Lazne"]
[Date "1989.??.??"]
[Round "3"]
[White "Mojzis, Jaroslav"]
[Black "Jurek, Josef"]
[Result "1-0"]
[WhiteElo "2255"]
[BlackElo "2355"]

1.Nf3 Nf6 2.g3 b6 3.Bg2 Bb7 4.O-O c5 5.c4 e6 6.Nc3 Be7 7.d4 cxd4 8.Qxd4 d6
9.b3 Nbd7 10.Rd1 a6 11.e4 Qc8 12.Bb2 O-O 13.Rac1 Re8 14.Qe3 Qc7 15.Qe2 Rad8
16.Ne1 Qb8 17.Nd3 Ne5 18.Rc2 Nc6 19.Ne1 Nd7 20.Rcd2 Nc5 21.Nc2 Ba8 22.b4 Nd7
23.a3 Qc7 24.Ne3 Nce5 25.f4 Ng6 26.Rc1 Qb8 27.Ncd1 Bc6 28.Nf2 b5 29.Qd3 Nb6
30.Qb3 Rc8 31.Bf1 Bf8 32.cxb5 Bxb5 33.Bxb5 axb5 34.Rdc2 Rxc2 35.Rxc2 Rc8
36.Rxc8 Qxc8 37.Qc3 Qd7 38.Qc2 Ne7 39.Bd4 Na4 40.Ned1 e5 41.Be3 exf4 42.Bxf4 Ng6
43.Ne3 Be7 44.Nd5 Bd8 45.Nd3 Nb6 46.Ne3 h6 47.Kg2 Ne7 48.Nf2 g5 49.Neg4 Qe6
50.Bc1 Nc4 51.Bb2 Nc6 52.Qc3 N6e5 53.Ne3 Bb6 54.Nxc4 Qxc4 55.Qxc4 Nxc4 56.Bc1 Ne5
57.Nd1 Nc4 58.Nc3 Kg7 59.Nxb5 Kf6 60.a4 Ke5 61.a5  1-0

[Event "Mendrisio op"]
[Site "Mendrisio"]
[Date "1989.??.??"]
[Round "4"]
[White "Vukic, Milan"]
[Black "Delanoy, Arnaud"]
[Result "1-0"]
[WhiteElo "2500"]
[BlackElo "2340"]

1.Nf3 Nf6 2.g3 b6 3.Bg2 Bb7 4.O-O e6 5.c4 c5 6.b3 Be7 7.Bb2 O-O 8.e3 d5 9.Nc3 dxc4
10.bxc4 Nc6 11.Qe2 Rc8 12.Rfd1 Rc7 13.d3 Rd7 14.Ne1 Qa8 15.f4 Na5 16.g4 Bxg2
17.Nxg2 Rfd8 18.Ne1 Bf8 19.g5 Ne8 20.Nf3 Nd6 21.Ne5 Rc7 22.Qg2 Qxg2+ 23.Kxg2 f6
24.Nf3 Rcd7 25.gxf6 gxf6 26.Kf2 Nf5 27.Ne4 Be7 28.Nxf6+ Bxf6 29.Bxf6 Rc8
30.Rg1+ Kf8 31.Ne5 Rd6 32.Rg4 Nc6 33.Rag1 Nxe5 34.fxe5 Rxd3 35.Rg8+ Kf7 36.Rxc8 Rd2+
37.Ke1 Rxa2 38.Rgg8  1-0

[Event "Moscow op"]
[Site "Moscow"]
[Date "1989.??.??"]
[Round "?"]
[White "Kachar, Vladimir"]
[Black "Mitenkov, Alexey"]
[Result "1-0"]
[WhiteElo "2300"]
[BlackElo "2350"]

1.Nf3 Nf6 2.c4 b6 3.g3 c5 4.Bg2 Bb7 5.O-O e6 6.Nc3 Be7 7.b3 O-O 8.Bb2 d5
9.cxd5 Nxd5 10.d4 Nd7 11.Rc1 Rc8 12.Nxd5 Bxd5 13.dxc5 Nxc5 14.Rc2 Bf6 15.Qc1 Bxb2
16.Qxb2 Qe7 17.Rfc1 Qb7 18.Qd4 h6 19.Qf4 Na6 20.Rxc8 Rxc8 21.Rxc8+ Qxc8 22.Ne5 Qc7
23.Bxd5 exd5 24.Qd4 Nb4 25.Kg2 Nxa2 26.Qxd5 Nc3 27.Qa8+ Kh7 28.Qe8 Qb7+ 29.f3 Qd5
30.Nd7 Kg6 31.e4 Qxb3 32.Nf8+ Kf6 33.Nh7+ Kg6 34.Nf8+ Kf6 35.h4 Qb5 36.e5+ Kf5
37.Qxf7+ Kxe5 38.Qxg7+ Kd6 39.Qxc3 Qe2+ 40.Kh3 Qf1+ 41.Kg4  1-0

[Event "Naleczow op"]
[Site "Naleczow"]
[Date "1989.??.??"]
[Round "?"]
[White "Ehrenfeucht, Wojciech"]
[Black "Kasperek, Ryszard"]
[Result "1-0"]
[WhiteElo "2255"]
[BlackElo "2290"]

1.Nf3 Nf6 2.c4 b6 3.g3 c5 4.Bg2 Bb7 5.O-O e6 6.b3 Be7 7.Bb2 O-O 8.e3 Nc6
9.Qe2 Rc8 10.Rd1 Qc7 11.Nc3 Rfd8 12.Rac1 Qb8 13.d4 cxd4 14.exd4 d5 15.cxd5 Nxd5
16.Nxd5 Rxd5 17.Ne5 Rd6 18.Nxc6 Bxc6 19.Bxc6 Rcxc6 20.Rxc6 Rxc6 21.d5 Rc8
22.Qg4 Bf8 23.dxe6 fxe6 24.Rd7 e5 25.Qe6+ Kh8 26.Bxe5 Qa8 27.Qd5 Qxd5 28.Rxd5 Kg8
29.Rd7 Rc5 30.Bf4 a5 31.Rd8 Rc6 32.Rb8 Kf7 33.Be3 Rc2 34.Rb7+ Kg8 35.a4 Bc5
36.Bxc5 bxc5 37.Ra7 c4 38.bxc4 Rxc4 39.Rxa5 g6 40.h4 Kg7 41.Ra7+ Kg8 42.a5 h5
43.Kg2 Ra4 44.Kf3 Ra2 45.a6 Ra4 46.Ke3 Kf8 47.Kd3 Ke8 48.Kc3 Kf8 49.Kb3 Ra1
50.Kc4 Ra5 51.Kb4 Ra2 52.Kc5 Kg8 53.Kd5 Ra5+ 54.Ke6 g5 55.hxg5 Rxg5 56.Kf6 Ra5
57.Kg6 Kf8 58.Ra8+ Ke7 59.a7  1-0

[Event "Novi Sad op"]
[Site "Novi Sad"]
[Date "1989.??.??"]
[Round "6"]
[White "Panzalovic, Srdjan"]
[Black "Vlaovic, Djordje"]
[Result "1/2-1/2"]
[WhiteElo "2325"]
[BlackElo "2250"]

1.Nf3 c5 2.c4 Nf6 3.g3 b6 4.Bg2 Bb7 5.O-O e6 6.Nc3 Be7 7.b3 O-O 8.Bb2 d5
9.cxd5 Nxd5 10.Nxd5 Qxd5 11.d4 Na6 12.dxc5 Nxc5 13.Qxd5 Bxd5 14.Rfd1 Rfd8
15.Rac1 a5 16.Ne5 Bxg2 17.Kxg2 Bf6 18.Rxd8+ Rxd8 19.Rc2 Bxe5 20.Bxe5 Rd7
21.Bf4 Kf8 22.Rc4 Ke7 23.Kf3 Rb7 24.Be3 Kd6 25.Rh4 h6 26.Rd4+ Kc6 27.Rg4 f6
28.Rc4 h5 29.Rh4 g6 30.g4 hxg4+ 31.Rxg4 g5 32.h4 gxh4 33.Rxh4 Kd5 34.Rh8 Nd7
35.Rc8 Ne5+ 36.Kg2 Nf7 37.Rf8 Kc6 38.f4 f5 39.Re8 Kd7 40.Rg8 Nd6  1/2-1/2

[Event "Nuremberg op"]
[Site "Nuremberg"]
[Date "1989.??.??"]
[Round "?"]
[White "Gross, Stefan"]
[Black "Abel, Lajos"]
[Result "1-0"]
[WhiteElo "2425"]
[BlackElo "2325"]

1.Nf3 Nf6 2.c4 c5 3.g3 b6 4.Bg2 Bb7 5.O-O e6 6.b3 d6 7.Bb2 Nbd7 8.e3 Be7
9.Qe2 O-O 10.Rd1 Re8 11.Nc3 a6 12.d4 cxd4 13.Nxd4 Bxg2 14.Kxg2 Qc7 15.f4 Bf8
16.Rac1 Rac8 17.Qf3 Nc5 18.g4 e5 19.Nf5 e4 20.Qh3 Nd3 21.g5 Nxb2 22.gxf6 Nxd1
23.Rxd1 Re6 24.Nd5 Qb7 25.Nxg7 Rxf6 26.Nxf6+ Kxg7 27.Nxh7 Be7 28.Kf2  1-0

[Event "Philadelphia"]
[Site "Philadelphia"]
[Date "1989.??.??"]
[Round "3"]
[White "Shahade, Michael"]
[Black "Klein, Lawrence"]
[Result "1-0"]
[WhiteElo "2315"]
[BlackElo "2280"]

1.Nf3 Nf6 2.c4 c5 3.g3 b6 4.Bg2 Bb7 5.O-O e6 6.Nc3 Be7 7.d4 cxd4 8.Qxd4 a6
9.Rd1 d6 10.b3 Nbd7 11.e4 O-O 12.Ba3 Nc5 13.e5 dxe5 14.Qxd8 Rfxd8 15.Nxe5 Bxg2
16.Kxg2 Bd6 17.Nc6 Rd7 18.Na4 Nxa4 19.Rxd6 Rxd6 20.Bxd6 Nc3 21.f3 b5 22.Bb4 bxc4
23.Ne7+ Kh8 24.Bxc3 Ra7 25.Bxf6 gxf6 26.Nc6 Rc7 27.Nd4 e5 28.Ne2 cxb3 29.axb3 Rc2
30.Kf2 Rb2 31.Rxa6  1-0

[Event "Philadelphia"]
[Site "Philadelphia"]
[Date "1989.??.??"]
[Round "7"]
[White "Rind, Bruce"]
[Black "Szmetan, Ricardo"]
[Result "1/2-1/2"]
[WhiteElo "2380"]
[BlackElo "2300"]

1.Nf3 Nf6 2.g3 b6 3.Bg2 Bb7 4.O-O c5 5.c4 e6 6.b3 Na6 7.Bb2 d6 8.a3 Be7 9.e3 O-O
10.d3 Qc7 11.Nbd2  1/2-1/2

[Event "Podolsk GMA-qual"]
[Site "Podolsk"]
[Date "1989.??.??"]
[Round "?"]
[White "Makarov, Marat"]
[Black "Tunik, Gennady"]
[Result "1-0"]
[WhiteElo "2505"]
[BlackElo "2470"]

1.Nf3 Nf6 2.c4 b6 3.g3 Bb7 4.Bg2 c5 5.O-O e6 6.Nc3 Be7 7.d4 cxd4 8.Qxd4 O-O
9.Rd1 Nc6 10.Qf4 Qc8 11.b3 Rd8 12.Bb2 Qb8 13.Nb5 Qxf4 14.gxf4 d5 15.Ne5 Na5
16.Rac1 a6 17.Nc7 Rab8 18.f5 Bd6 19.fxe6 Bxc7 20.cxd5 Bxd5 21.e7 Re8 22.Rxc7 Bxg2
23.Kxg2 Ne4 24.b4 f6 25.Nd7 Rb7 26.Rdc1 Rxe7 27.bxa5 Rxd7 28.axb6 Kf7 29.Rxd7+ Rxd7
30.Ba3 Nd6 31.Bxd6 Rxd6 32.Rc7+ Kg6 33.b7 Rb6 34.e4 h5 35.h4 Rb2 36.Kg3 Kh6
37.f4 Kg6 38.Kf3 a5 39.a4 Kh6 40.e5 fxe5 41.fxe5 g5 42.hxg5+ Kxg5 43.e6  1-0

[Event "Podolsk GMA-qual"]
[Site "Podolsk"]
[Date "1989.??.??"]
[Round "?"]
[White "Sturua, Zurab"]
[Black "Karpman, Vadim"]
[Result "1-0"]
[WhiteElo "2465"]
[BlackElo "2525"]

1.Nf3 Nf6 2.c4 b6 3.g3 c5 4.Bg2 Bb7 5.O-O e6 6.Nc3 Be7 7.d4 cxd4 8.Qxd4 d6
9.Rd1 a6 10.Bg5 Nbd7 11.Nd2 Bxg2 12.Kxg2 Nc5 13.b4 h6 14.bxc5 bxc5 15.Qh4 Rg8
16.Bxf6 Bxf6 17.Qf4 Bxc3 18.Ne4 Be5 19.Nxd6+ Bxd6 20.Rxd6 Qf6 21.Qe4 Qxa1
22.Qxa8+ Ke7 23.Qxg8 Kxd6 24.Qf8+ Kc6 25.Qxf7 Qe5 26.Qe8+ Kb6 27.Qd8+ Kb7
28.Qd7+ Kb6 29.Qd8+ Kb7 30.Qd3 g5 31.Kf3 Qf6+ 32.Kg4 Qxf2 33.Qf3+ Qxf3+ 34.exf3 Kb6
35.Kh5 Ka5 36.Kxh6 Kb4 37.Kxg5 Kxc4 38.h4 Kd3 39.h5 c4 40.h6 c3 41.h7 c2
42.h8=Q c1=Q+ 43.f4 Qc4 44.Qb2 a5 45.Qa3+ Ke4 46.Qxa5 Kf3 47.Qa3+ Kg2 48.g4 Qd5+
49.Kh4 Qe4 50.Qb2+ Kf3 51.Qb3+ Kg2 52.Kg5 Kg1 53.a4 e5 54.Qd1+ Kg2 55.Qd2+  1-0

[Event "Podolsk GMA-qual"]
[Site "Podolsk"]
[Date "1989.??.??"]
[Round "?"]
[White "Kharitonov, Andrei Y"]
[Black "Kiselev, Sergey"]
[Result "1/2-1/2"]
[WhiteElo "2505"]
[BlackElo "2445"]

1.Nf3 Nf6 2.c4 e6 3.g3 b6 4.Bg2 Bb7 5.O-O c5 6.b3 Be7 7.Bb2 O-O 8.Nc3 d6
9.d3 a6 10.e4 Nc6 11.d4 cxd4 12.Nxd4 Nxd4 13.Qxd4 Rb8 14.Rac1  1/2-1/2

[Event "Rubinstein mem"]
[Site "Polanica Zdroj"]
[Date "1989.??.??"]
[Round "5"]
[White "Petrosian, Arshak B"]
[Black "Stempin, Pawel"]
[Result "1/2-1/2"]
[WhiteElo "2475"]
[BlackElo "2395"]

1.Nf3 Nf6 2.c4 b6 3.g3 c5 4.Bg2 Bb7 5.O-O e6 6.Nc3 a6 7.Re1 d6 8.e4 Qc7 9.b3 Be7
10.Bb2 Nbd7 11.d4 cxd4 12.Nxd4 O-O 13.Rc1 Rfe8 14.h3 Bf8 15.Qd2 g6 16.g4 Rac8
17.Nde2 Qb8 18.Ng3 h6 19.Rcd1 Red8 20.Qe2 Bc6 21.Bf1  1/2-1/2

[Event "Porz op23"]
[Site "Porz"]
[Date "1989.??.??"]
[Round "2"]
[White "Schulz, K."]
[Black "Richter, Goetz"]
[Result "1-0"]
[WhiteElo "2345"]
[BlackElo "2230"]

1.Nf3 Nf6 2.c4 b6 3.g3 Bb7 4.Bg2 e6 5.O-O c5 6.Nc3 Be7 7.d4 cxd4 8.Qxd4 a6
9.Be3 Bc5 10.Qd3 Bxe3 11.Qxe3 Qc7 12.Na4 b5 13.Nb6 Ra7 14.Nxd7  1-0